000 01284cam a22003134a 4500
001 12653225
003 OSt
005 20230923161858.0
008 020123s2002 nyua b 001 0 eng
010 _a 2002019559
020 _a0387954457 (alk. paper)
040 _aDLC
_cDLC
_dDLC
042 _apcc
050 0 0 _aQA267
_b.H3 2002
082 0 0 _a511.3
_bHAA/S
100 1 _aHaas, Peter J.
_q(Peter Jay)
_99593
245 1 0 _aStochastic Petri nets :
_bmodelling, stability, simulation /
_cPeter J. Haas.
260 _aNew York :
_bSpringer,
_cc2002.
300 _axxii, 509 p. :
_bill. ;
_c24 cm.
440 0 _aSpringer series in operations research
504 _aIncludes bibliographical references (p. [483]-498) and index.
650 0 _aPetri nets.
650 0 _aStochastic analysis.
856 4 2 _3Publisher description
_uhttp://www.loc.gov/catdir/enhancements/fy0817/2002019559-d.html
856 4 1 _3Table of contents only
_uhttp://www.loc.gov/catdir/enhancements/fy0817/2002019559-t.html
906 _a7
_bcbc
_corignew
_d1
_eocip
_f20
_gy-gencatlg
942 _2ddc
_cBK
_h511.3
_iHAA/S
_k511.3
_mHAA/S
999 _c42305
_d42305